Statistics for Gary Oldman Movies

Click here to take the quiz!

General Stats

  • This quiz has been taken 39 times
    (19 since last reset)
  • The average score is 9 of 21

Answer Stats

Year ReleasedCostarsMovie% Correct
2005Christian Bale, Michael CaineBatman Begins
82%
2008Christian Bale, Heath LedgerThe Dark Knight
82%
2003Daniel Radcliffe, Emma WatsonHarry Potter: and the Prisoner of Azkaban
76%
2007Daniel Radcliffe, Rupert GrintHarry Potter: and the Order of the Phoenix
71%
1994Natalie Portman, Jean RenoLeon the Professional
71%
2012Christian Bale, Tom HardyThe Dark Knight Rises
65%
2001Anthony Hopkins, Julianne MooreHannibal
59%
1997Harrison Ford, Glenn CloseAir Force One
53%
1992Keanu Reeves, Winona RyderBram Stoker's Dracula
53%
2010Denzel Washington, Mila KunisThe Book of Eli
35%
2017Samuel L. Jackson, Ryan ReynoldsThe Hitman's Bodyguard
35%
1993Christian Slater, Christopher WalkenTrue Romance
35%
2011Jack Black, Jean Claude Van DammeKung Fu Panda 2
29%
1988Chloe Webb, Courtney LoveSid and Nancy
29%
2017Lil James, Kristen Scott ThomasThe Darkest Hour
29%
1997Bruce Willis, Chris TuckerThe Fifth Element
29%
1991Kevin Costner, Tommy Lee JonesJFK
18%
2014Andy Serkis, Keri RussellDawn of the Planet of the Apes
12%
2020Amanda Seyfried, Tom PelphreyMank
12%
2014Michael Keaton, Samuel L. JacksonRoboCop
12%
2016Kevin Costner, Tommy Lee JonesThe Criminal
6%

Score Distribution

Percentile by Number Answered

Percent of People with Each Score

Your Score History

You have not taken this quiz since the last reset